Internal security: (Record no. 153280)

MARC details
000 -LEADER
fixed length control field 01057nam a22002537a 4500
005 - DATE AND TIME OF LATEST TRANSACTION
control field 20181110151635.0
010 ## - LCCN (DPL NO)
LC control number B-696143 B-712814
020 ## - INTERNATIONAL STANDARD BOOK NUMBER
International Standard Book Number 9789332587359
Terms of availability 239.00
035 ## - SYSTEM CONTROL NUMBER
System control number B-696143
035 ## - SYSTEM CONTROL NUMBER
System control number B-712814
037 ## - SOURCE OF ACQUISITION
Source of stock number/acquisition Pearson
037 ## - SOURCE OF ACQUISITION
Source of stock number/acquisition RK Books
082 ## - DEWEY DECIMAL CLASSIFICATION NUMBER
Classification number 352.399
100 ## - MAIN ENTRY--PERSONAL NAME
Personal name Karthikeyan, M.
245 ## - TITLE STATEMENT
Title Internal security:
Statement of responsibility, etc M. Karthikeyan
Remainder of title for civil services main examination GS paperIII
250 ## - EDITION STATEMENT
Edition statement 2nd ed.
260 ## - PUBLICATION, DISTRIBUTION, ETC. (IMPRINT)
Place of publication, distribution, etc Noida
Name of publisher, distributor, etc Pearson
Date of publication, distribution, etc 2017
270 ## - ADDRESS
Address 15th Floor, Tower-B, World Trade Tower, Plot No.1, Block-C, Sector 16
City Noida
Postal code 201301
300 ## - PHYSICAL DESCRIPTION
Extent various pagings
Dimensions 23cm(pbk)
500 ## - GENERAL NOTE
General note It include annexure A1.1 to A10.1p.<br/>It include index
942 ## - ADDED ENTRY ELEMENTS (KOHA)
Source of classification or shelving scheme Dewey Decimal Classification
Item type English Books
Classification part 352.399
Call number suffix KAR
Holdings
Withdrawn status Lost status Not for loan Collection code Home library Current library Date acquired Cost, normal purchase price Full call number Barcode Copy number Koha item type Source of acquisition Cost, replacement price
      Non-fiction Patel Nagar Patel Nagar 10/11/2018 239.00 352.399 KAR B-712814 1 English Books RK Books/IN1967/18-19/18-10-18/532/04-10-18/31-10-18 239.00
    Not For Loan Non-fiction Sarojini Nagar Sarojini Nagar 02/07/2018 298.00 352.399 KAR B-696143 1 English Books    

© Delhi Public Library
Hit Counter
free hit counter